000 01538nam a2200217 4500
005 20250701222532.0
008 190415s2025 000 0 eng d
040 _aCO-CtgCURN
_bspa
_ccoctgcurn
082 0 _aINQ 2025
_bA349
100 1 _aAlcázar Baldovino, Briyi Nicol.
245 1 0 _aFactores asociados a mortalidad específica por tuberculosis en pacientes pediátricos y menores de 18 años de Colombia entre los años 2019-2021 /
_cBriyi Nicol Alcázar Baldovino; Director: Jaime Alberto Lorduy Gómez.
260 _aCartagena de Indias :
_bCorporación Universitaria Rafael Nuñez,
_c2025.
300 _a57 hojas.
504 _aTrabajo de grado (Instrumentación quirúrgica). Corporación Universitaria Rafael Nuñez. Facultad de Ciencias de la Salud. Instrumentación Quirúrgica, 2025.
520 _a"El aumento de la mortalidad por tuberculosis en pacientes pediátricos se ha asociado históricamente con factores intrínsecos, como la desnutrición, y factores extrínsecos, entre los que destacan las limitaciones en el diagnóstico, las deficiencias en la vacunación y las condiciones de pobreza."
650 0 _aInstrumentación quirúrgica
_vTesis y disertaciones academicas.
700 1 _aLorduy Gómez, Jaime Alberto,
_eAsesor.
856 _uhttps://unicurn.sharepoint.com/:b:/s/biblioteca/EeAPyjfOBTVOr1bSnbfO6MUBeBtl1DFi24mxMzKvqa4kPA?e=ts8qUe
_zClick aqui para ver el recurso en texto completo
942 _2ddc
_cTG
_hINQ 2025
_iA349
999 _c49083
_d49083